Responses for show #1891 - Monday, November 23, 1992

Tom Nosek game 5.

Contestants

Ethan Rasiel, a consultant originally from Marblehead, Massachusetts

Linda DeBrango, an attorney from North Arlington, New Jersey

Tom Nosek, an aerospace engineer originally from Chicago, Illinois (whose 4-day cash winnings total $59,220)

Jeopardy! Round responses

COLORFUL GEOGRAPHY
CLOTHING
RODGERS & HAMMERSTEIN
POETS & POETRY
U.S. COINS
POTPOURRI
    $100 1
the Red Sea

Ethan
    $100 5
a bunting

Linda
    $100 9
San Francisco

Tom
    $100 22
the Civil War

Tom
    $100 8
Denver

Linda
    $100 14
(Alex: Didn't have much Cheerios in it.)

coupons

Tom
    $200 2
the Yellow River

Tom
    $200 6
coveralls

Tom
    $200 19
Julie Andrews

Ethan
    $200 25
a fox

Tom
    $200 10
Indian head nickel

Tom
    $200 15
a rabbit

Tom
    $300 3
Greenland

Tom
    $300 20
pins

Tom
    $300 21
South Pacific

Ethan
    $300 26
(Ethan: What is love me?)

drink

LindaEthan
    $300 11
Mercury dimes

Tom
    $300 16
(Ethan: What is Washington?)

Iowa

TomEthan
    $400 4
the Blue Grotto

Linda
    $400 28
a Mackintosh

Ethan
    $400 23
The King And I

Linda
    $400 27
gold

Ethan
    $1,000 12
the bicentennial quarter

Tom
    $400 17
New York

Tom
    $500 7
Burgundy

Tom
    $500 29
boots

Ethan
    $500 24
(Ethan: Who is Martha Graham?)

Agnes de Mille

TomEthan
    $500 30
(Tom: Who is Byron?)

(Alfred Lord) Tennyson

TomLinda
    $500 13
half-penny (or half-cent)

Ethan
    $500 18
Buenos Aires

Tom

Scores at the first commercial break (after clue 12):

Tom Linda Ethan
$2,800 $600 $100

Scores at the end of the Jeopardy! Round:

Tom Linda Ethan
$4,900 $1,800 $1,300

Double Jeopardy! Round responses

WORLD HISTORY
ORGANIZATIONS
GERMAN CITIES
RELIGION
BRITISH ROYALTY
THE LEAF
    $200 4
Eisenhower

Linda
    $200 11
the National Geographic Society

Tom
    $200 1
(Tom: What is Bonn?)

Berlin

TomEthan
    $200 14
yarmulkes

Tom
    $200 12
Queen Elizabeth II

Linda
    $200 26
the sun

Tom
    $400 5
(Tom: Who is Plato?)

Alexander the Great

TomEthan
    $400 13
the Braille Institute

Triple Stumper
    $400 2
(Linda: What is Vienna?)

Frankfurt

LindaEthan
    $400 19
Islam

Ethan
    $400 15
Victoria

Tom
    $400 27
chlorophyll

Linda
    $600 6
Hungary

Ethan
    $600 22
Overeaters Anonymous

Ethan
    $600 3
Cologne

Linda
    $600 20
Shinto

Ethan
    $600 16
(Linda: What is a Persian cat?)
(Ethan: What is a Pekingese?)
...
(Alex: Named Charlotte.)

a parrot

TomLindaEthan
    $600 28
3

Tom
    $800 9
(Tom: Who is Diaz?)
(Linda: Who is Magellan?)

da Gama

TomLindaEthan
    $800 25
the Quakers

Tom
    $800 7
Bonn

Ethan
    $800 21
(John) Wesley

Tom
    $800 17
(Linda: Who is James?)
(Tom: Who is Edward VI?)
(Ethan: Who is Henry VII?)

Henry VIII

TomLindaEthan
Triple Stumper
    $800 29
veins

Tom
    $1000 10
Mackenzie

Ethan
    $1000 24
Galsworthy

Tom
    $2,000 8
(Ethan: What is Leipzig?)

Meissen

Ethan
    $1,500 23
(Ethan: St. Beatrice?)

Mother Cabrini

Ethan
    $1000 18
John

Ethan
    $1000 30
epidermis

Triple Stumper

Scores at the end of the Double Jeopardy! Round:

Tom Linda Ethan
$8,300 $600 $3,200
(lock game)

[wagering suggestions for these scores]

Final Jeopardy! Round responses

FICTIONAL CHARACTERS
(Tom: I thought all else being equal...)
(Alex: All else being equal, go for Smith!)
LindaWho is the great White Hope?
$599
EthanWho is Sherlock Holmes?
$1,999
TomWho is Smith?
$1,880
Sherlock Holmes

Final scores:

Tom Linda Ethan
$6,420 $1 $5,199
5-day champion: $65,640 3rd place: kitchen appliances featuring the Braun Espresso Master and Wheel of Fortune and Jeopardy! for the Super Nintendo Entertainment System and Sega Genesis 2nd place: colonial dining room furniture by Keller and wall screens and fabrics from Bob Mitchell Designs

Game dynamics:

Coryat scores:

Tom Linda Ethan
$7,700 $600 $6,700
27 R
(including 1 DD),
5 W
10 R,
4 W
18 R,
7 W
(including 2 DDs)

Combined Coryat: $15,000

The J! Archive is created by fans, for fans. The Jeopardy! game show and all elements thereof, including but not limited to copyright and trademark thereto, are the property of Jeopardy Productions, Inc. and are protected under law. This website is not affiliated with, sponsored by, or operated by Jeopardy Productions, Inc. Join the discussion at JBoard.tv.